000
00337nam a2200133Ia 4500
100
_a
Hodges/D.A & jackson
942
_c
BK
654
_a
Intergrated circuits
245
_a
Analysis and digital design of intergrated circuits
260
_b
McGraw Hill International
_a
New York
_c
1988
300
_a
463
546
_a
ENGLISH
999
_c
34940
_d
34940